Applied Computer for Nurses (Record no. 1220)

MARC details
000 -LEADER
Fixed length control field 00478nam a2200193Ia 4500
003 - CONTROL NUMBER IDENTIFIER
Control field IIN
005 - DATE AND TIME OF LATEST TRANSACTION
Control field 20240125120203.0
008 - FIXED-LENGTH DATA ELEMENTS--GENERAL INFORMATION
Fixed length control field 231217s9999 xx 000 0 und d
020 ## - INTERNATIONAL STANDARD BOOK NUMBER / ISBN
Price Rs.525.00
International Standard Book Number NIL
040 ## - CATALOGING SOURCE
Original cataloging agency IIN
Language of cataloging English
082 ## - DEWEY DECIMAL CLASSIFICATION NUMBER
Classification number 610.730285
Book Number ANT
100 1# - MAIN ENTRY--PERSONAL NAME
Personal name Antara . S
245 1# - TITLE STATEMENT
Title Applied Computer for Nurses
Statement of responsibility Antara . S
260 ## - IMPRINT
Name of publisher Ananda Publishers
Place of publication Kolkata
Date of publication 2022
300 ## - PHYSICAL DESCRIPTION
Page / Vol. No 252p.
650 1# - SUBJECT ADDED ENTRY--TOPICAL TERM
Topical term Computer
650 1# - SUBJECT ADDED ENTRY--TOPICAL TERM
Topical term Applied Computer
942 ## - ADDED ENTRY ELEMENTS (KOHA)
Koha item type Books
Holdings
Withdrawn status Lost status Damaged status Not for loan Collection code Home library Current library Date acquired Price Total Checkouts Call number Accession number Date last seen Price effective from Koha item type
          IDEAL INSTITUTE OF NURSING IDEAL INSTITUTE OF NURSING 17/12/2023 525.00   610.730285 ANT 1214 17/12/2023 17/12/2023 Books
          IDEAL INSTITUTE OF NURSING IDEAL INSTITUTE OF NURSING 17/12/2023 525.00   610.730285 ANT 1215 17/12/2023 17/12/2023 Books
          IDEAL INSTITUTE OF NURSING IDEAL INSTITUTE OF NURSING 17/12/2023 525.00   610.730285 ANT 1216 17/12/2023 17/12/2023 Books
          IDEAL INSTITUTE OF NURSING IDEAL INSTITUTE OF NURSING 17/12/2023 525.00   610.730285 ANT 1217 17/12/2023 17/12/2023 Books
          IDEAL INSTITUTE OF NURSING IDEAL INSTITUTE OF NURSING 17/12/2023 525.00   610.730285 ANT 1218 17/12/2023 17/12/2023 Books
          IDEAL INSTITUTE OF NURSING IDEAL INSTITUTE OF NURSING 17/12/2023 525.00   610.730285 ANT 1219 17/12/2023 17/12/2023 Books
          IDEAL INSTITUTE OF NURSING IDEAL INSTITUTE OF NURSING 17/12/2023 525.00   610.730285 ANT 1220 17/12/2023 17/12/2023 Books
          IDEAL INSTITUTE OF NURSING IDEAL INSTITUTE OF NURSING 17/12/2023 525.00   610.730285 ANT 1221 17/12/2023 17/12/2023 Books
          IDEAL INSTITUTE OF NURSING IDEAL INSTITUTE OF NURSING 17/12/2023 525.00   610.730285 ANT 1222 17/12/2023 17/12/2023 Books
          IDEAL INSTITUTE OF NURSING IDEAL INSTITUTE OF NURSING 17/12/2023 525.00   610.730285 ANT 1223 17/12/2023 17/12/2023 Books
© Ideal Institute Of Nursing, All rights reserved.         Powered by Koha